000 01271nam a2200349Ia 4500
001 ebr10568201
003 CaPaEBR
006 m u
007 cr cn|||||||||
008 020211s2003 enka sb 001 0 eng d
010 _z 2002101991
020 _z0761962093
020 _z0761962107
020 _z9780761962090
020 _z9781446248485
040 _aCaPaEBR
_cCaPaEBR
035 _a(OCoLC)70774208
050 1 4 _aHM1033
_b.H46 2003eb
082 0 4 _a302
_222
100 1 _aHepburn, Alexa.
245 1 3 _aAn introduction to critical social psychology
_h[electronic resource] /
_cAlexa Hepburn.
246 3 0 _aCritical social psychology
260 _aLondon ;
_aThousand Oaks, Calif. :
_bSAGE,
_c2003.
300 _aix, 278 p. :
_bill.
504 _aIncludes bibliographical references and index.
533 _aElectronic reproduction.
_bPalo Alto, Calif. :
_cebrary,
_d2011.
_nAvailable via World Wide Web.
_nAccess may be limited to ebrary affiliated libraries.
650 0 _aSocial psychology.
650 0 _aSocial psychology
_vTectbooks.
655 7 _aElectronic books.
_2local
710 2 _aebrary, Inc.
856 4 0 _uhttp://site.ebrary.com/lib/rucke/Doc?id=10568201
_zAn electronic book accessible through the World Wide Web; click to view
999 _c82365
_d82365